Proti kozmopolitizmu v našej vede (K diskusii o štrukturalizme v čs. estetike a literárnej vede)

Podrobná bibliografia
Hlavný autor: Bakoš, Mikuláš, 1914-1972 (Autor)
Médium: Článok
Jazyk:slovenčina
Predmet:

MARC

LEADER 00000cab a2200000 4500
001 vtls011522400
003 SK-MaSNL
005 20260305022050.0
008 230704|1952 xo |||||||||||||||||slo|
015 |a SNBRB 
035 |a (urnnbn)urn:nbn:sk:snk:ar-0023ko 
035 |a (uuid)ee5a284b-9a77-4954-80fa-cd50f200bfda 
035 |a urn:nbn:sk:snk-abeaex 
040 |a SNKBUCL  |b slo  |c SNKBUCL  |e AACR2 
041 0 |a slo 
044 |a xo  |c SK 
072 7 |a 82.0  |x Literatúra (teória)  |2 konspekt 
080 |a 82.0-2-276  |2 2011 
100 1 |a Bakoš, Mikuláš,  |d 1914-1972  |4 aut  |9 105579 
245 1 0 |a Proti kozmopolitizmu v našej vede  |b (K diskusii o štrukturalizme v čs. estetike a literárnej vede)  |c Mikuláš Bakoš 
650 0 7 |a štrukturalizmus  |2 SNKPH  |9 2881 
650 0 7 |a literárna veda  |2 SNKPH  |9 1137 
655 7 |a literárna kritika  |2 SNKPH  |9 116822 
773 0 |t Slovenské pohľady  |g Roč. 68, č. 6 (1952), s. 471-477 
787 0 8 |i Reakcia na:  |a Bakoš, Mikuláš  |t Proti kozmopolitizmu v literárnej vede  |g In: Nové slovo.- Roč. 8, č. 19 (1951), s. 383-384 
850 |a Slovenská národná knižnica 
852 |a Slovenská národná knižnica 
954 |a odborná, vedecká literatúra pôvodná (slovenská)  |2 lita 
958 |a LX 
958 |a BX 
958 |a OND 
958 |a EUIPO 
958 |a article21 
999 |c 3288918  |d 3290848